Lengua Castellana y Comunicación 3§ Educacion Media: texto para el estudiante

সংরক্ষণ করুন:
গ্রন্থ-পঞ্জীর বিবরন
প্রধান লেখক: Amaro Castro, Lorena de la Paz (Author), Caballero Gatica, Alejandra Angelina (Author), Cabrera Pommíez, Marcela (Author)
বিন্যাস: গ্রন্থ
ভাষা:স্প্যানিশ
প্রকাশিত: Santiago Santillana 2006
বিষয়গুলি:
ট্যাগগুলো: ট্যাগ যুক্ত করুন
কোনো ট্যাগ নেই, প্রথমজন হিসাবে ট্যাগ করুন!

MARC

LEADER 00000nam a2200000 a 4500
001 UCI5587
003 CL-VaPUC
008 080404e20060000CL |||||||||||||||||spa|d
020 |a 9561512521 
082 0 4 |a 407.12  |b AMA  |2 21 
100 0 |a Amaro Castro, Lorena de la Paz  |e author  |9 528051 
700 0 |a Caballero Gatica, Alejandra Angelina  |e author  |9 528052 
700 0 |a Cabrera Pommíez, Marcela  |e author  |9 528053 
245 1 0 |a Lengua Castellana y Comunicación 3§ Educacion Media: texto para el estudiante 
300 |a 287 p 
942 |c BK 
945 |d 20080404 00:00:00  |a rbrito 
260 |a Santiago  |b Santillana  |c 2006 
650 0 |a Enseñanza de la lectura  |9 308364 
650 0 |a Comprensión   |9 339377 
650 0 |a Lectura  |9 307634 
650 7 |a LIBROS DE TEXTOS  |2 CL-VaPUC  |9 528054 
583 |a last modification  |c 20120323 00:19:51  |k Rodrigo Vera 
999 |c 329327  |d 329325 
952 |0 0  |1 0  |4 0  |6 407_120000000000000_AMA_2006  |7 0  |8 P  |9 413717  |a BIBEDU  |b BIBEDU  |c BIBEDU_PB  |d 2019-11-22  |i 4421361  |o 407.12 AMA 2006  |p 4421361  |r 2024-01-25  |w 2019-11-22  |y BK  |k EDU 
952 |0 0  |1 0  |4 0  |6 407_120000000000000_AMA_2006  |7 0  |8 P  |9 413718  |a BIBEDU  |b BIBEDU  |d 2019-11-22  |i 4641752  |o 407.12 AMA 2006  |p 4641752  |r 2019-11-22  |w 2019-11-22  |y BK  |k EBA 
952 |0 0  |1 0  |4 0  |6 407_120000000000000_AMA_2006  |7 0  |8 P  |9 413719  |a BIBEDU  |b BIBEDU  |c BIBEDU_PB  |d 2019-11-22  |i 4641760  |o 407.12 AMA 2006  |p 4641760  |r 2024-01-25  |w 2019-11-22  |y BK  |k EBA 
952 |0 0  |1 0  |4 0  |6 407_120000000000000_AMA_2006  |7 0  |8 P  |9 413720  |a BIBEDU  |b BIBEDU  |d 2019-11-22  |i 4641779  |o 407.12 AMA 2006  |p 4641779  |r 2019-11-22  |w 2019-11-22  |y BK  |k EBA